Programa d'activitats escolars : 2006 - 2007 / Consell de Coordinació Pedagògica 2006 - 2007 / Consell de Coordinació Pedagògica
Descripción Física:
119 p. ; 21 cm
MARC
| LEADER | 00000nam a2200000Ia 4500 | ||
|---|---|---|---|
| 001 | 18456 | ||
| 008 | 160829s2006 xx 000 0 cat d | ||
| 080 | |a E-1-278 | ||
| 100 | |a Consell de Coordinació Pedagògica |9 41277 | ||
| 245 | |a Programa d'activitats escolars : |b 2006 - 2007 / Consell de Coordinació Pedagògica | ||
| 250 | |a 16a ed. | ||
| 260 | |a Barcelona : |b Ajuntament de Barcelona. Institut d'Educació, |c 2006 | ||
| 300 | |a 119 p. ; |c 21 cm | ||
| 650 | |a Educació |x Barcelona |9 41278 | ||
| 650 | |a Projecte educatiu |9 39239 | ||
| 650 | |a Activitats culturals |9 41279 | ||
| 901 | |a Arxiu | ||
| 942 | |n 1 | ||
| 952 | |0 0 |1 0 |4 0 |6 E1278 |7 1 |9 50126 |a Arxiu |b Arxiu |d 2016-12-01 |l 0 |o E-1-278 |p 18456 |r 2016-12-01 00:00:00 |w 2016-12-01 |y ARXIU | ||
| 999 | |c 53968 |d 53968 | ||